Toutes les communes de Nouvelle-Calédonie sur une carte - Statistiques

Statistiques générales
  • Ce quiz a été pris 1 287 fois
  • Le résultat moyen est 23 sur 33
Réponses sur la Carte
Les réponses sont colorées sur une échelle allant du rouge au vert en fonction du pourcentage des utilisateurs qui les ont devinées à leur premier essai. Vous pouvez retrouver ces pourcentages ci-dessous.
 
Statistiques - réponses
Population Commune % Correct
94 285 Nouméa
99%
3 401 Ouvéa
88%
9 195 Lifou
87%
5 757 Maré
85%
35 873 Dumbéa
84%
2 037 Île des Pins
82%
5 531 Bourail
81%
27 620 Le Mont-Dore
80%
24 563 Païta
80%
8 144 Koné
79%
2 454 Hienghène
75%
1 667 Yaté
75%
867 Bélep
74%
3 552 La Foa
74%
3 315 Boulouparis
73%
3 981 Koumac
73%
3 701 Canala
70%
1 435 Poum
70%
5 006 Poindimié
67%
2 856 Voh
67%
2 524 Thio
64%
3 955 Houaïlou
60%
2 752 Pouembout
60%
2 802 Poya
60%
2 118 Ouégoa
58%
712 Farino
57%
681 Moindou
57%
2 420 Ponérihouen
56%
1 803 Kaala-Gomen
55%
572 Sarraméa
55%
2 144 Pouébo
53%
2 380 Touho
50%
1 304 Kouaoua
45%
Aucun quiz correspondant
Distribution des résultats
% des personnes avec chaque résultat
Percentile par nombre de réponses
Votre historique - résultats
Vous n’avez pas pris ce quiz